000 00426nam a2200181Ia 4500
001 10707
005 20260306161852.0
008 260306t1983||||xx |||||||||||||| ||spa||
041 _aESP
082 _a946.082
_bJ26
100 _aJáuregui, Fernando
_eAUT
245 0 _aCrónica del antifranquismo
260 _c1983
300 _a318 páginas :
_c22 cm.
650 _aGEN
654 _aCHU
942 _cLIB
_dJUS
_fJUS
_2ddc
_n
999 _c10707
_d10707